Представление документа в формате RUSMARC

ПолеНазваниеЗначение
  Тип записи a
  Библиографический уровень m
001 Контрольный номер RU\NLR\BIBL_A\022567015
005 Дата корректировки 20260629163734.9
010 Индекс ISBN __
a ISBN 978-5-04-216740-9
b Уточнения в пер.
9 Тираж 5000 экз.
100 Данные общей обработки __
a Данные общей обработки 20260521d2025 uy0rusy0189 ca
101 Язык документа 0_
a Язык текста rus
102 Страна публикации __
a Страна публикации RU
105 Кодированные данные (монография) __
a Кодированные данные (монография) y z 000ay
200 Заглавие и сведения об ответственности 1_
a Заглавие Слезы Вселенной
f Первые сведения об ответственности Екатерина Островская
e Сведения, относящиеся к заглавию роман
203 Вид содержания и тип средства __
a Вид содержания Текст
b Характеристика содержания визуальный
c Тип средства непосредственный
210 Выходные данные 1_
a Место издания Москва
c Издательство Эксмо
d Дата издания 2025
215 Физическое описание __
a Объем 313, [1] c.
d Формат 21 см
225 Серия 1_
a Серия Татьяна Устинова рекомендует
333 Примечание о целевом назначении __
a Примечание о целевом назначении 16+
517 Другие варианты заглавия 1_
a Другие варианты заглавия Слёзы Вселенной
606 Тематические рубрики 0_
a Основная рубрика Детективные романы и рассказы (х. л.)
610 Ключевые слова 0_
a Ключевые слова детективы русские
686 Индексы других классификаций __
2 Код системы rubbk
a Классификационный индекс 84Р2-46
700 Автор _1
a Фамилия Островская
b Имя (инициалы) Е.
g Полное личное имя Екатерина
801 Источник записи _0
a Страна RU
b Организация NLR
c Дата составления 20250616
g Правила каталогизации RCR
801 Источник записи _1
a Страна RU
b Организация NLR
c Дата составления 20250616
2 Код формата rusmarc
801 Источник записи _2
a Страна RU
b Организация Ульяновская ОНБ
c Дата составления 20260521
g Правила каталогизации RCR
900 Электронные ресурсы __
a Имя электронного ресурса много20260023
900 Электронные ресурсы __
a Имя электронного ресурса много20260024
901 Тип документа __
t Тип документа m
909 Создатель записи __
a Создатель записи Егорова Э. А.
b Дата создания записи 2026021
910 Корректоры записи __
a Корректор записи Пряхина
b Дата внесения изменения в запись 20260629